Current Shows on Cartoon Network - Statistics

General Stats
  • This quiz has been taken 68 times
  • The average score is 7 of 20
Answer Stats
Date Shows % Correct
May 3, 2011 The Amazing World of Gumball
82%
April 23, 2013 Teen Titans Go!
75%
November 4, 2013 Steven Universe
60%
March 30, 2018 Craig of the Creek
55%
April 10, 2017 Ben 10
52%
July 27, 2015 We Bare Bears
50%
February 23, 2018 Apple & Onion
42%
April 4, 2016 The Powerpuff Girls
42%
September 1, 2018 Total DramaRama
40%
December 2, 2011 Ninjago: Masters of Spinjitzu
28%
March 30, 2019 Victor and Valentino
28%
July 1, 2019 Mao Mao: Heroes of Pure Heart
27%
August 1, 2017 OK K.O.! Let's Be Heroes
25%
July 7, 2018 Summer Camp Island
25%
January 1, 2018 Unikitty!
20%
July 8, 2019 Scooby-Doo and Guess Who?
17%
March 8, 2019 DC Super Hero Girls
12%
December 23, 2018 Bakugan: Battle Planet
8%
September 1, 2018 Transformers: Cyberverse
8%
August 3, 2018 Mega Man: Fully Charged
7%
No matching quizzes found
Score Distribution
Percent of People with Each Score
Percentile by Number Answered
Your Score History
You have not taken this quiz